Списки экспонатов, присланных учебными заведениями для Всероссийской художественно-промышленной выставки в Нижнем Новгороде

Доступно только в Электронных читальных залах Найти на картеНа карте
RUSMARC
00003651nmc2a22002413x 450
0013e9b12e0-ff9e-4aa7-ad93-8cc75c66d863
00520230901001212.0
100##$a20221222l18941895k l0rusy0189 ca
1010#$arus
102##$aRU
105##$ay###
1222#$ad
2001#$aСписки экспонатов, присланных учебными заведениями для Всероссийской художественно-промышленной выставки в Нижнем Новгороде
$j4 декабря 1894 г. - 12 июня 1895 г.
$hЧасть 2
215##$a184 л.
$d36,5х26 см
251##$cДело
300##$aДело
371##$aДокумент не является опубликованным и широко распространяемым
461#0$1001a74412a3-3cc5-4d21-8f0a-dfe2fbd9e72d
$12001
$aДепартамент народного просвещения Министерства народного просвещения (1803-1917)
$1251
$cФонд
$1852
$j733
462#0$1001eee5cd01-9790-469a-9945-6bffddbc7761
$12001
$aРазряд общих дел
$1251
$cОпись
$1852
$j228
801#0$aRU
$bРГИА
$c20221222
$gRCR
801#1$aRU
$bГлавНИВЦ
$c20221222
$2rusmarc
801#2$aRU
$bПБ им. Б.Н. Ельцина
$c20230901
$gRCR
$2rusmarc
850##$aРГИА
852##$aРГИА
$eФедеральное казенное учреждение "Российский государственный исторический архив" (РГИА)
$j39
937##$hРГИА
$d12396470
$aASBIBLIO_SCAN
035##$aRusGRCC00059108
856##$uhttp://readingroom.main.prlib.ru/item.aspx?id_node=n187307913&mode=full
Формат отображения